Responses for Show #384 - Thursday, February 27, 1986

Contestants

[<< previous game]

Rosemary Hagerott, a technical writer from Sierra Madre, California

Rick Passo, a recent MBA graduate originally from Indianapolis, Indiana

Leslie Johnson Kelsay, a utility manager originally from Sikeston, Missouri (whose 2-day cash winnings total $14,999)

[next game >>]

Jeopardy! Round responses

MODERN HISTORY
TRAVEL & TOURISM
SPORTS
ZOOLOGY
MS. MUSIC
HOW TO...
    $100 4
Italy

Rick
    $100 20
Greyhound

Leslie
    $100 2
cricket

Rick
    $100 23
an ox

Rick
    $100 21
(Alex: We've got less than a minute to go in the round.)

Pat Benatar

Triple Stumper
    $100 1
Hula Hoop

Rick
    $200 5
China

Rick
    $200 10
a riverboat (steamboat)

Rick
    $200 3
(Rick: Uh, who is Leon Spinks?)

Larry Holmes

Rick
Triple Stumper
    $200 24
the pygmy

Rosemary
    $200 8
remove a tooth

Rick
    $300 6
Tripoli

Rick
    $300 11
tourist (coach, economy)

Rick
    $300 16
(Leslie: What is the New York Marathon?)

the Boston Marathon

LeslieRosemary
    $300 25
bats

Leslie
    $300 22
Joan Jett

Rosemary
    $300 13
light a match

Leslie
    $400 7
(Leslie: What is a blimp?)

zeppelin (dirigible)

LeslieRosemary
    $400 12
Asia

Leslie
    $400 17
St. John's

Rick
    $400 26
rocks (stones)

Rick
    $400 28
[The end-of-round signal sounds.]

Kim Carnes

Triple Stumper
    $400 14
(Rosemary: Uh, how do you open a can?)
(Rick: How do you open up a wine bottle?)

open a bottle champagne

LeslieRickRosemary
    $200 9
(Rick: Uh, what are Great Britain, France, uh, Italy and the Netherlands?)
(Alex: Well, Great Britain was not one of the four that was involved at the beginning as you'll recall; they came in much later.)

(4 of) France, West Germany, Italy, Belgium, the Netherlands or Luxembourg

Rick
    $500 19
(Rosemary: What is Switzerland?)

Austria

RickRosemary
    $500 18
(Leslie: What is bicycling?)
...
(Alex: At 732 miles it was [*].)

an auto race

Leslie
Triple Stumper
    $500 27
a weasel

Rosemary
    $500 15
play tic-tac-toe

Rosemary

Scores at the first commercial break (after clue 9):

Leslie Rick Rosemary
-$400 $600 $400

Scores at the end of the Jeopardy! Round:

Leslie Rick Rosemary
$300 $2,100 $1,300

Double Jeopardy! Round responses

INDIANA
MOVIES
STARTS WITH "R"
PREACHERS
ART
INOPPORTUNE QUOTES
    $200 17
the Wright brothers

Rick
    $200 24
39

Rosemary
    $200 1
recoil

Leslie
    $200 6
Jerry Falwell

Rick
    $200 18
light

Rosemary
    $200 13
Jimmy Hoffa

Leslie
    $400 7
What hath God wrought

Triple Stumper
    $400 2
(Rosemary: What is ravage?)

ransack

Rosemary
Triple Stumper
    $500 9
Pat Boone

Leslie
    $400 20
baroque

Rick
    $400 14
Pope John Paul II

Rick
    $600 8
Hoagy Carmichael

Leslie
    $600 3
repertoire

Rosemary
    $600 10
Jerry Lee Lewis

Triple Stumper
    $600 21
architect

Rick
    $600 19
LBJ

Rick
    $500 15
Gary, Indiana

Rick
    $800 28
[The end-of-round signal sounds just as Alex began reading the next clue.]

True Grit

Rosemary
    $800 4
the ruminants

Rosemary
    $800 11
(Rick: Who is the... the PTL Club?)

the 700 Club

LeslieRick
    $800 22
(Alex: We've got about a minute to go in this round.)

Rodin

Rick
    $800 25
Richard Nixon

Rosemary
    $1000 16
Wendell Willkie

Rick
    $1000 27
Charlie Chaplin

Triple Stumper
    $1000 5
a roux

Leslie
    $1000 12
Bishop Fulton Sheen

Rosemary
    $1000 23
(Eugène) Delacroix

Rick
    $1000 26
Thomas Dewey

Triple Stumper

Scores at the end of the Double Jeopardy! Round:

Leslie Rick Rosemary
$3,600 $7,000 $5,300

[wagering suggestions for these scores]

Final Jeopardy! Round responses

WORLD TRADE
LeslieWhat is Japan?
$3,599
RosemaryWhat is Canada?
$0
RickWhat is Canada?
$3,600
Canada

Final scores:

Leslie Rick Rosemary
$1 $10,600 $5,300
3rd place: Noritake dinnerware New champion: $10,600 2nd place: General Electric 26" TV & Action Recliners by Lane recliner

Game dynamics:

Coryat scores:

Leslie Rick Rosemary
$3,500 $7,500 $5,300
11 R
(including 1 DD),
3 W
22 R
(including 1 DD),
4 W
(including 1 DD)
13 R,
3 W

Combined Coryat: $16,300

[game clues] [game scores] [suggest correction]

Game tape date: 1985-10-08
The J! Archive is created by fans, for fans. Scraping, republication, monetization, and malicious use prohibited; this site may use cookies and collect identifying information. See terms. The Jeopardy! game show and all elements thereof, including but not limited to copyright and trademark thereto, are the property of Jeopardy Productions, Inc. and are protected under law. This website is not affiliated with, sponsored by, or operated by Jeopardy Productions, Inc. Join the discussion at JBoard.tv.